| 000 | 01623nam a22004331i 4500 | ||
|---|---|---|---|
| 999 |
_c29374 _d29345 |
||
| 001 | 018189196 | ||
| 003 | EG-ScBUE | ||
| 005 | 20210822111658.0 | ||
| 008 | 170113r20122007enka f 000 0 eng d | ||
| 020 | _a9780194768009 | ||
| 020 | _a9780194768030 (cd) | ||
| 040 |
_aStDuBDS _beng _erda _cStDuBDS _dUk _dEG-ScBUE |
||
| 082 | 0 | 4 |
_a428.2402465 _bHUG _222 |
| 100 | 1 |
_aHughes, John, _eauthor. |
|
| 245 | 1 | 0 |
_aBusiness result : _bintermediate, _pStudent's book / _cJohn Hughes, Jon Naunton ; interactive workbook material by Alastair Lane. |
| 246 | 3 | 4 |
_aBusiness result : _bbusiness English you can take to work today |
| 246 | 3 | 3 | _aStudent's book |
| 250 | _aReprinted edition. | ||
| 264 | 1 |
_aOxford : _bOxford University Press, _c2012. |
|
| 300 |
_a159 pages : _billustrations (colour) ; _c24 cm + _e1 CD |
||
| 336 |
_atext _2rdacontent _btxt |
||
| 336 |
_asounds _2rdacontent _bsnd |
||
| 337 |
_aunmediated _2rdamedia _bn |
||
| 337 |
_aaudio _2rdamedia _bs |
||
| 338 |
_avolume _2rdacarrier _bnc |
||
| 338 |
_acomputer disc _2rdacarrier _bcd |
||
| 500 | _aIncludes Internet access. | ||
| 500 |
_aFormerly CIP. _5Uk |
||
| 650 | 7 |
_aEnglish language _xBusiness English. _2BUEsh |
|
| 650 | 7 |
_aEnglish language _vTextbooks for foreign speakers. _2BUEsh |
|
| 650 | 7 |
_aEnglish language _vSound recordings for foreign speakers. _2BUEsh |
|
| 650 | 7 |
_aEnglish language _xBusiness English _vProblems, exercises, etc. _2BUEsh |
|
| 650 | 7 |
_aEnglish language _xSpoken English. _2BUEsh |
|
| 653 |
_bHHUUEENN _cAugust2021 |
||
| 655 |
_vReading book _934232 |
||
| 700 | 1 | 0 |
_aNaunton, Jon, _eauthor. |
| 942 |
_2ddc _cBB |
||